00617 2200229 4500001002100000005001700021008004100038020002200079035002400101040001200125082000800137090001900145100001900164245005400183250001100237260003900248300002400287650002600311850001200337990001900349990001900368YOGYA-0611000000009120110609084108.0 ind  a978-979-19838-8-4 0010-061100000000091 aYOPDYOG a297 aSEL 297bYas L aYASIN, Muhamad a50 Cerita islam terbaik untuk anakcMuhamad Yasin aCet. 1  2010aJakartabAl-Kautsar For Kids a119hlmbilusc25 cm aIslam - Cerita Pendek aYOPDYOG a106 - Sel/B.11 a105 - Sel/B.11